|
|
|
|
| LEADER |
00000nab a2200000 a 4500 |
| 001 |
vtls000073463 |
| 003 |
SK-MaSNL |
| 005 |
20260304034126.0 |
| 008 |
160202c1980 xo 0 cze |
| 015 |
|
|
|a SNBRB19rr/mm-uuuuu
|
| 035 |
|
|
|a CL0083564
|
| 040 |
|
|
|a SNKBUCL
|b slo
|c SNKBUCL
|e AACR2
|
| 041 |
0 |
|
|a cze
|
| 044 |
|
|
|a xo
|c SK
|
| 080 |
|
|
|a 636.08
|2 1981
|
| 100 |
1 |
|
|a Brož, Jiří
|4 aut
|9 342032
|
| 245 |
1 |
0 |
|a Cyadox - nový stimulátor rvstu hospodářskych zvířat
|c Jiří Brož, Bohumil Ševčík, Jaromír Hebký
|
| 300 |
|
|
|b Tb. 4.
|
| 650 |
0 |
7 |
|a hospodárske zvieratá
|2 snkbucl
|9 1097
|
| 650 |
0 |
7 |
|a stimulátory rastu
|2 snkbucl
|9 973851
|
| 655 |
|
7 |
|a články z novín a časopisov
|2 snkbucl
|9 267496
|
| 700 |
1 |
|
|a Ševčík, Bohumil
|4 aut
|9 451391
|
| 700 |
1 |
|
|a Hebký, Jaromír
|4 aut
|9 1316655
|
| 773 |
0 |
|
|t Agrochémia
|g Roč. 20, č. 11 (1980), s. 339-342
|
| 850 |
|
|
|a Slovenská národná knižnica v Martine
|a MTA001
|
| 852 |
|
|
|a SNK
|b KIS3GCP
|
| 958 |
|
|
|a RK
|
| 958 |
|
|
|a CZ
|
| 992 |
|
|
|a RBX
|
| 999 |
|
|
|c 2651484
|d 2653414
|